00640cam a22002171a 4500001001300000003000400013005001700017008004100034010001700075035002000092040002400112050001800136100003000154245005300184260003700237300002100274500001900295650005400314650003700368999001700405sa 68015605 DLC20260227112645.0860429s1966 io 000 0 ind  asa 68015605  a(OCoLC)23573090 aDLCcMiUdMiDWdDLC00aPL5093.C5bN51 aNio, Joe Lan,d1904-1973.10aAntologi sastera Tiongkok /c[oleh] Nio Joe Lan. aDjakarta :bGunung Agung,c1966. a172 p. ;c22 cm. aIn Indonesian. 0aChinese literaturexTranslations into Indonesian. 0aChinese literature (Indonesian). c86553d86553